[Event "Kup SS CS 2014"]
[Site "?"]
[Date "2014.05.03"]
[Round "6.8"]
[White "Dragic, Vladimir"]
[Black "Jocic, Miomir"]
[Result "1/2-1/2"]
[WhiteElo "2136"]
[BlackElo "2039"]
[PlyCount "100"]
[EventDate "2014.03.23"]

1. d4 Nf6 2. Nf3 g6 3. c3 Bg7 4. Bg5 d5 5. Nbd2 Nbd7 6. e3 O-O 7. Bd3 b6 8. e4
dxe4 9. Nxe4 Bb7 10. Nxf6+ exf6 11. Be3 c5 12. dxc5 Nxc5 13. Be2 Qc7 14. O-O
Rad8 15. Nd4 Rfe8 16. Bf3 f5 17. Bxb7 Qxb7 18. Qf3 Ne4 19. Rfd1 a6 20. Nb3 b5
21. Rxd8 Rxd8 22. Rd1 Re8 23. Bd4 Qc7 24. Bxg7 Kxg7 25. Qd3 h5 26. f3 Ng5 27.
Qd6 Re1+ 28. Kf2 Qxd6 29. Rxd6 Rb1 30. Rd2 Ne6 31. Ke3 Kf6 32. Kd3 Rg1 33. Ke3
g5 34. h3 Nf4 35. g4 fxg4 36. fxg4 Rg3+ 37. Ke4 Rxh3 38. gxh5 Rxh5 39. Rd6+ Ne6
40. Nd4 g4 41. Nxe6 Re5+ 42. Kf4 fxe6 43. Rxa6 Re2 44. b4 Rc2 45. Rc6 Rxa2 46.
Kxg4 Rf2 47. Rc5 Rf5 48. Rc8 Ke7 49. c4 bxc4 50. Rxc4 Kd6 1/2-1/2

[Event "Kup SS CS 2014"]
[Site "?"]
[Date "2014.05.03"]
[Round "6.9"]
[White "Zivkovic, Dejan"]
[Black "Bojovic, Dusan"]
[Result "1/2-1/2"]
[WhiteElo "2264"]
[BlackElo "2284"]
[PlyCount "30"]
[EventDate "2014.03.23"]

1. d4 Nf6 2. c3 g6 3. Bg5 Bg7 4. Nd2 d6 5. Ngf3 O-O 6. e4 c6 7. Bc4 Qc7 8. O-O
Nbd7 9. Re1 e5 10. dxe5 dxe5 11. Qc2 Nc5 12. Bf1 Ne6 13. Bh4 h6 14. Nc4 Nh5 15.
Ne3 Nef4 1/2-1/2

[Event "Kup SS CS 2014"]
[Site "?"]
[Date "2014.05.03"]
[Round "6.9"]
[White "Toth, Aleksandar"]
[Black "Nenadovic, Ljubisa"]
[Result "1-0"]
[WhiteElo "2306"]
[BlackElo "2186"]
[PlyCount "73"]
[EventDate "2014.03.23"]

1. e4 c5 2. Nf3 e6 3. d3 Nc6 4. g3 d5 5. Nbd2 Nf6 6. Bg2 Be7 7. O-O O-O 8. Re1
Qc7 9. e5 Nd7 10. Qe2 Rb8 11. h4 b5 12. Nf1 b4 13. Bf4 Re8 14. Ne3 Bf8 15. Nxd5
Qd8 16. Ne3 Bb7 17. c3 bxc3 18. bxc3 Ba6 19. Nc4 Bxc4 20. dxc4 Na5 21. Bf1 Nb6
22. Qe4 g6 23. Bg5 Be7 24. Qf4 Qc7 25. h5 Rbd8 26. h6 Rf8 27. Bf6 Rfe8 28. Ng5
Rc8 29. Ne4 Bf8 30. Bg7 Bxg7 31. hxg7 Kxg7 32. Nd6 Qe7 33. Rad1 Red8 34. Nxc8
Rxc8 35. Rd2 h6 36. Red1 Qg5 37. Qe4 1-0

[Event "Kup SS CS 2014"]
[Site "?"]
[Date "2014.05.03"]
[Round "6.9"]
[White "Savic, Dragan"]
[Black "Jovanovic, Miroslav O"]
[Result "1-0"]
[WhiteElo "2069"]
[BlackElo "2068"]
[PlyCount "173"]
[EventDate "2014.03.23"]

1. e4 c5 2. Nf3 e6 3. c3 d5 4. exd5 Qxd5 5. d4 Nf6 6. Be2 Be7 7. c4 Qd8 8. Nc3
cxd4 9. Qxd4 Nc6 10. Qxd8+ Bxd8 11. Bf4 a6 12. Bd6 b6 13. O-O Bb7 14. Rfd1 Rc8
15. Rd2 Nb8 16. Ne5 Nbd7 17. Nxd7 Nxd7 18. Rad1 Bc6 19. b4 Bf6 20. Rc1 Be7 21.
h3 Bxd6 22. Rxd6 Ke7 23. Rcd1 Rhd8 24. c5 Bb7 25. Na4 b5 26. Rxd7+ Rxd7 27.
Rxd7+ Kxd7 28. Nb6+ Kc7 29. Nxc8 Bxc8 30. f4 Bb7 31. Kf2 Bd5 32. a3 Be4 33. g3
h6 34. Ke3 Bc2 35. Bf3 f6 36. h4 Bb1 37. Bd1 Ba2 38. Kd4 Kc6 39. g4 Bd5 40. g5
Bc4 41. Bf3+ Kc7 42. a4 Bf1 43. axb5 axb5 44. Ke3 Bh3 45. Be4 Bg4 46. Bg6 Kd7
47. Kf2 Bd1 48. Bd3 Kc6 49. Bf1 Bg4 50. Kg3 Bd1 51. Bg2+ Kd7 52. Kf2 Bg4 53.
Ke3 Kc7 54. Kd4 Be2 55. Bh3 Bc4 56. Bg2 Be2 57. Be4 Bc4 58. Bg6 Kd7 59. Kc3 Be2
60. Bf7 Bg4 61. Kd4 Bh3 62. Ke3 Bf5 63. Kf3 Bh3 64. Kg3 Bf5 65. Bh5 Bd3 66. Bf3
Kc7 67. gxh6 gxh6 68. Kg4 Bg6 69. Bg2 Bf7 70. Bf1 Kc6 71. Bd3 Be8 72. Bc2 Kd7
73. Bb3 Bg6 74. c6+ Kd6 75. c7 h5+ 76. Kf3 Kxc7 77. Bxe6 Kd6 78. Bb3 Bf5 79.
Bf7 Bg4+ 80. Ke4 Kc6 81. Be8+ Kb6 82. Kd5 Bf5 83. Kd6 Bg4 84. Ke7 f5 85. Kf6
Kc7 86. Bxb5 Kd6 87. Bd3 1-0

[Event "Kup SS CS 2014"]
[Site "?"]
[Date "2014.05.03"]
[Round "6.10"]
[White "Vujic, Mihailo"]
[Black "Cicvaric, Dragos"]
[Result "0-1"]
[WhiteElo "2323"]
[BlackElo "2153"]
[PlyCount "108"]
[EventDate "2014.03.23"]

1. e4 e5 2. Nf3 d6 3. Bc4 Be7 4. d4 exd4 5. Qxd4 Nf6 6. Nc3 Nc6 7. Bb5 O-O 8.
Bxc6 bxc6 9. Bf4 Nd7 10. O-O-O Nc5 11. Be3 a5 12. Qd2 Ne6 13. h4 Bf6 14. g4 g6
15. Bg5 Bxg5 16. Nxg5 Nxg5 17. hxg5 Bxg4 18. Rdg1 Bh5 19. f4 Qe7 20. e5 d5 21.
Ne2 Qb4 22. c3 Qa4 23. a3 Bxe2 24. Qxe2 Qxf4+ 25. Kc2 Rfe8 26. Re1 Re6 27. Rhf1
Qxg5 28. Qf3 Rf8 29. Rg1 Qh6 30. Re2 Rfe8 31. Rge1 Qg5 32. Rf1 f6 33. Rh2 Qxe5
34. Qh3 Qxh2+ 35. Qxh2 Re2+ 36. Qxe2 Rxe2+ 37. Kd3 Re6 38. b4 a4 39. c4 Kg7 40.
cxd5 cxd5 41. b5 Rb6 42. Rc1 Rxb5 43. Rxc7+ Kh6 44. Rc3 g5 45. Kd4 Kg6 46. Rc8
h5 47. Ra8 h4 48. Rxa4 h3 49. Ra8 Kf5 50. a4 Rb4+ 51. Ke3 h2 52. Rd8 h1=Q 53.
Kf2 Rb2+ 54. Kg3 Qg2# 0-1

[Event "Kup SS CS 2014"]
[Site "?"]
[Date "2014.05.03"]
[Round "6.10"]
[White "Matovic, Mihailo"]
[Black "Ljubinkovic, Miodrag"]
[Result "0-1"]
[WhiteElo "1885"]
[BlackElo "2243"]
[Annotator "Doe,John"]
[PlyCount "40"]
[EventDate "2014.03.23"]

1. d4 d5 2. Nf3 c6 3. c3 Bf5 4. Nh4 Bg6 5. Nxg6 hxg6 6. Qb3 Qb6 7. Bf4 Nd7 8.
e3 Ngf6 9. Nd2 Nh5 10. Qxb6 axb6 11. Bg5 f6 12. Bh4 g5 13. Bg3 Nxg3 14. fxg3 e6
15. e4 Bd6 16. Kf2 Kf7 17. Bd3 b5 18. a3 g6 19. h4 gxh4 20. gxh4 Bf4 {mob} 0-1

[Event "Kup SS CS 2014"]
[Site "?"]
[Date "2014.05.03"]
[Round "6.11"]
[White "Cukanovic, Petar"]
[Black "Gajic, Branko"]
[Result "1/2-1/2"]
[WhiteElo "2057"]
[BlackElo "2168"]
[PlyCount "75"]
[EventDate "2014.03.23"]

1. e4 c6 2. d4 d5 3. exd5 cxd5 4. Bd3 Nf6 5. c3 Nc6 6. Bf4 Bg4 7. Qb3 Qd7 8.
Nd2 e6 9. Ngf3 a6 10. a4 Nh5 11. Ne5 Nxe5 12. Bxe5 Nf6 13. O-O Bh5 14. Rae1 Be7
15. h3 O-O 16. Qc2 Bg6 17. Bxg6 hxg6 18. Nf3 Qc6 19. Bf4 Nd7 20. h4 Bd6 21.
Bxd6 Qxd6 22. g3 b5 23. Kg2 Nf6 24. Rh1 Rfe8 25. Ne5 Rab8 26. axb5 axb5 27. g4
b4 28. h5 gxh5 29. gxh5 Ne4 30. h6 g6 31. h7+ Kg7 32. Qc1 Qe7 33. Qh6+ Kh8 34.
Qf4 Rb7 35. Nc6 Qg5+ 36. Qxg5 Nxg5 37. Nxb4 Ra8 38. Rh4 1/2-1/2

[Event "Kup SS CS 2014"]
[Site "?"]
[Date "2014.05.03"]
[Round "6.11"]
[White "Cabarkapa, Mijomir"]
[Black "Gajic, Sladjan"]
[Result "0-1"]
[WhiteElo "2184"]
[BlackElo "2066"]
[PlyCount "71"]
[EventDate "2014.03.23"]

1. Nf3 c5 2. c4 Nf6 3. Nc3 d5 4. cxd5 Nxd5 5. Nxd5 Qxd5 6. b3 e5 7. d3 Bg4 8.
Bb2 Nc6 9. Qc1 Nd4 10. e4 Qd6 11. Nd2 Be7 12. Nc4 Qc7 13. Bc3 O-O 14. Ne3 Bg5
15. Bd2 Be6 16. Nc2 Bxd2+ 17. Qxd2 f5 18. Nxd4 cxd4 19. Rc1 Qd6 20. exf5 Bd5
21. f3 Rxf5 22. Be2 Raf8 23. O-O Qg6 24. Kh1 Rh5 25. Kg1 Bc6 26. Bd1 Rf4 27.
Rf2 Rfh4 28. g3 Rg5 29. Rg2 Rh3 30. Rxc6 bxc6 31. f4 Rf5 32. Bf3 Rf8 33. Qe2
exf4 34. gxf4 Qf6 35. Qe4 Rh4 36. Qxc6 0-1

[Event "Kup SS CS 2014"]
[Site "?"]
[Date "2014.05.03"]
[Round "6.11"]
[White "Curcic, Predrag"]
[Black "Jocovic, Slobodan"]
[Result "0-1"]
[WhiteElo "2060"]
[BlackElo "2055"]
[PlyCount "58"]
[EventDate "2014.03.23"]

1. e4 e6 2. d4 d5 3. e5 c5 4. c3 Nc6 5. Nf3 Qb6 6. a3 Nh6 7. b4 cxd4 8. cxd4
Nf5 9. Bb2 Bd7 10. Be2 Rc8 11. O-O Na5 12. Nbd2 Nc4 13. Nxc4 dxc4 14. Bc3 Bc6
15. a4 a6 16. Rb1 Be7 17. b5 axb5 18. axb5 Be4 19. Rb2 O-O 20. Qd2 Ra8 21. Rd1
Rfd8 22. Qf4 Bd5 23. Ng5 Ra3 24. Bb4 Bxb4 25. Rxb4 Rb3 26. Rxb3 cxb3 27. g4 Nh6
28. Bd3 g6 29. Be4 b2 0-1